Gminy Powiatu Zamojskiego - Statystyki

Ogólne statystyki
  • Ten quiz został rozwiązany 89 razy
  • Średni wynik to 11 z 16
Statystyki odpowiedzi
Ludność Gmina lub Miasto % Poprawnych
62 785 Zamość
100%
20.276 Zamość
100%
7.261 Zwierzyniec
89%
12.134 Szczebrzeszyn
82%
7.300 Krasnobród
80%
6.086 Nielisz
70%
5.504 Stary Zamość
64%
6.775 Sitno
62%
5.938 Skierbieszów
62%
6.591 Radecznica
57%
6.304 Łabunie
54%
5.145 Adamów
51%
6.308 Miączyn
48%
5.206 Sułów
48%
5.602 Komarów-Osada
46%
4.685 Grabowiec
44%
Nie znaleziono quizów pasujących do podanych kryteriów
Rozkład punktacji
Procent ludzi z każdym wynikiem
Percentyl według liczby udzielonych odpowiedzi
Twoja historia wyników
Nie rozwiązałeś tego quizu